Reference services for children and young adults

Bibliographic Details
Other Authors: Fraley, Ruth A
Format: Book
Published: New York : The Haworth Press , 1983
Subjects:

MARC

LEADER 00000cam a2200000 7i4500
001 0000001995
002 000002175
005 20000330.0
020 |a 086656201X 
090 0 0 |a 025.52778   |b REF 
245 0 0 |a Reference services for children and young adults   |c edited by Bill Katz and Ruth A.Fraley 
260 |a New York :   |b The Haworth Press ,   |c 1983 
300 |a 215p. ;   |c 22cm. 
650 0 0 |a Libraries,children's   |x Addresses, essays,lectures 
700 1 |a Fraley, Ruth A 
999 |a 033752   |b BUKU   |c RUJUKAN   |e PERPUSTAKAAN KOMUNITI PETALING JAYA